000
00280nam a22001217a 4500
082
_a
825
_b
WRE/S
100
_a
WREN, P C
245
_a
THE SIMPLER PART OF SPEECH
260
_a
NEW DELHI
_b
S.CHAND & COMPANY LTD.
300
_a
04/03/2002
650
_a
GRAMMAR
_z
NEW DELHI
942
_c
BK
999
_c
3847
_d
3847